000 00445nam a2200193Ia 4500
005 20240823012757.0
008 240823s9999||||xx |||||||||||||| ||und||
020 _a0-84223504-0
041 _aENGLISH
082 _A659.2 N6
100 _a"Marconi,Joe"
245 0 _aImage Marketing
250 _a1st
260 _c1996
_b"NTC,Business Boo"
500 _aYES
650 _aMarketing
_bManagement Studies
942 _cBK
999 _c165375
_d165375